| 000 | 00865nam a22001937a 4500 | ||
|---|---|---|---|
| 005 | 20230621125324.0 | ||
| 008 | 230616b ||||| |||| 00| 0 eng d | ||
| 020 | _a9780198729648 | ||
| 050 | _aKD750.H44(3e) | ||
| 100 |
_aHeenan, Susan _91778 |
||
| 245 |
_aConcentrate: Family law. / _cSusan Heenan and Anna Heenan |
||
| 250 | _a3rd ed. | ||
| 260 |
_aNew York: _bOxford University Press, _c2015. |
||
| 300 |
_axiv, 185 p. A16: _c23 cm. |
||
| 500 | _aIncludes index. | ||
| 505 | _aContents: Family relationships, marriage, civil partnership, cohabitation -- Nullity -- Divorce, dissolution, and judicial separation -- Domestic violence -- Financial provision on divorce or dissolution -- The children Act-the private law -- The children Act- the public law -- Adoption -- International parent-child abduction. | ||
| 700 |
_aHeena, Anna. _91675 |
||
| 942 |
_2lcc _cBK |
||
| 999 |
_c9792 _d17292 |
||